| 000 | 00788cab a2200253 4500 | ||
|---|---|---|---|
| 001 | WB3446-13 | ||
| 008 | 090401t1998 xxu||||| |||| 00| 0 eng d | ||
| 035 | _a(Sirsi) u90148 | ||
| 041 | _aeng | ||
| 245 | _aLandfill tyres ban | ||
| 260 | _c1998 | ||
| 350 | _a0 | ||
| 490 |
_aGuardian _v4 December 1998, 8 |
||
| 490 |
_aWestern Mail _v4 December 1998, 9 |
||
| 520 | _aOutlines recommendations in an Environment Agency report warning of the potential increase in illegal dumping and fire risks if an EU ban on landfill tyres disposal becomes law. | ||
| 650 | _aENVIRONMENTAL POLLUTION | ||
| 650 | _aEU DIRECTIVES | ||
| 650 | _aILLEGAL DUMPING | ||
| 650 | _aLANDFILL | ||
| 650 | _aTYRES | ||
| 690 | _aENVIRONMENTAL AND LAND CONSULTANCY | ||
| 942 | _n0 | ||
| 948 | _c04/12/1998 | ||
| 999 |
_c57109 _d57109 |
||